| 000 | 00455aam a2200193 4500 | ||
|---|---|---|---|
| 005 | 20161118140913.0 | ||
| 008 | 150410b xxu||||| |||| 00| 0 spa d | ||
| 041 | _aspa | ||
| 082 | _aOO4.68 M188r | ||
| 100 |
_aMadron,Thomas _932967 |
||
| 245 | _aRedes de área local | ||
| 260 | _aMéxico | ||
| 260 | _bLimusa | ||
| 260 | _c1993 | ||
| 300 | _a364 páginas | ||
| 650 |
_aREDES DE COMPUTADORES _96512 |
||
| 650 |
_aREDES LOCALES _910644 |
||
| 942 | _cBK | ||
| 999 |
_c4503 _d4503 |
||